Test bank for Introductory economics and Introductory macroeconomics and Introductory microeconomics by Michael Veseth / (Record no. 144040)

MARC details
000 -LEADER
fixed length control field 01035nam a2200265 a 4500
008 - FIXED-LENGTH DATA ELEMENTS--GENERAL INFORMATION
fixed length control field
020 ## - INTERNATIONAL STANDARD BOOK NUMBER
International Standard Book Number 012719567X
049 ## - LOCAL HOLDINGS (OCLC)
Holding library MAIN
090 ## - LOCALLY ASSIGNED LC-TYPE CALL NUMBER (OCLC); LOCAL CALL NUMBER (RLIN)
Classification number (OCLC) (R) ; Classification number, CALL (RLIN) (NR) HB171.5
003 - CONTROL NUMBER IDENTIFIER
control field
005 - DATE AND TIME OF LATEST TRANSACTION
control field 20230123133156.0
040 ## - CATALOGING SOURCE
Transcribing agency NUST
100 1# - MAIN ENTRY--PERSONAL NAME
Personal name Marcis, John G.
245 10 - TITLE STATEMENT
Title Test bank for Introductory economics and Introductory macroeconomics and Introductory microeconomics by Michael Veseth /
Statement of responsibility, etc. by John G. Marcis and Michael Veseth.
260 ## - PUBLICATION, DISTRIBUTION, ETC.
Place of publication, distribution, etc. New York ;
-- London :
Name of publisher, distributor, etc. Academic Press,
Date of publication, distribution, etc. c1981.
300 ## - PHYSICAL DESCRIPTION
Extent vii, 280 p. :
Other physical details ill. ;
Dimensions 24 cm.
650 #0 - SUBJECT ADDED ENTRY--TOPICAL TERM
Topical term or geographic name entry element Economics
General subdivision Problems, exercises, etc.
700 1# - ADDED ENTRY--PERSONAL NAME
Personal name Veseth, Michael.
700 1# - ADDED ENTRY--PERSONAL NAME
Personal name Veseth, Michael.
Title of a work Introductory economics.
700 1# - ADDED ENTRY--PERSONAL NAME
Personal name Veseth, Michael.
Title of a work Introductory macroeconomics.
700 1# - ADDED ENTRY--PERSONAL NAME
Personal name Veseth, Michael.
Title of a work Introductory microeconomics.
740 ## - ADDED ENTRY--UNCONTROLLED RELATED/ANALYTICAL TITLE
Uncontrolled related/analytical title Introductory economics and introductory macroeconomics and introductory microeconomics :
-- Test bank.
907 ## - LOCAL DATA ELEMENT G, LDG (RLIN)
a .b10034845
b 30-06-03
c 17-04-03
942 ## - ADDED ENTRY ELEMENTS (KOHA)
Koha item type Ordinary Loan Books
Call number prefix HB171.5
Holdings
Date last seen Total Checkouts Full call number Barcode Cost, replacement price Price effective from Koha item type Lost status Source of classification or shelving scheme Damaged status Not for loan Collection Withdrawn status Home library Current library Shelving location Date acquired Cost, normal purchase price
01/23/2023 1 HB171.5 MAR 92003002486 80.00 01/23/2023 BOOKS   LCC     NFIC   MAIN MAIN GEN 01/23/2023 80.00